| 000 -LEADER |
| fixed length control field |
01562cam a2200301 ib4500 |
| 001 - CONTROL NUMBER |
| control field |
000852335 |
| 003 - CONTROL NUMBER IDENTIFIER |
| control field |
OSt |
| 005 - DATE AND TIME OF LATEST TRANSACTION |
| control field |
20250908095043.0 |
| 008 - FIXED-LENGTH DATA ELEMENTS--GENERAL INFORMATION |
| fixed length control field |
181030r20152002enk d b 000 f eng d |
| 020 ## - INTERNATIONAL STANDARD BOOK NUMBER |
| International Standard Book Number |
9781447280644 |
| Qualifying information |
(paperback) |
| 040 ## - CATALOGING SOURCE |
| Original cataloging agency |
AU@ |
| Language of cataloging |
eng |
| Transcribing agency |
NTL |
| Modifying agency |
NTL |
| -- |
KH8 |
| Description conventions |
aacr2 |
| 042 ## - AUTHENTICATION CODE |
| Authentication code |
nbic |
| 082 ## - DEWEY DECIMAL CLASSIFICATION NUMBER |
| Classification number |
FIC CAB |
| 100 1# - MAIN ENTRY--PERSONAL NAME |
| Personal name |
Cabot, Meg |
| Relator term |
author. |
| 245 10 - TITLE STATEMENT |
| Title |
Princess in the middle / |
| Statement of responsibility, etc. |
Meg Cabot. |
| 260 ## - PUBLICATION, DISTRIBUTION, ETC. |
| Place of publication, distribution, etc. |
London : |
| Name of publisher, distributor, etc. |
Macmillan Children's Books, |
| Date of publication, distribution, etc. |
c2015. |
| 300 ## - PHYSICAL DESCRIPTION |
| Extent |
270 pages ; |
| Dimensions |
20 cm. |
| 336 ## - CONTENT TYPE |
| Content type term |
text |
| Content type code |
txt |
| Source |
rdacontent. |
| 337 ## - MEDIA TYPE |
| Media type term |
unmediated |
| Media type code |
n |
| Source |
rdamedia. |
| 338 ## - CARRIER TYPE |
| Carrier type term |
volume |
| Carrier type code |
nc |
| Source |
rdacarrier. |
| 490 1# - SERIES STATEMENT |
| Series statement |
The princess diaries ; |
| Volume/sequential designation |
3. |
| 500 ## - GENERAL NOTE |
| General note |
Originally published: 2002. |
| 520 ## - SUMMARY, ETC. |
| Summary, etc. |
Ya. teenage romance. Mia Thermopolis has got everything a girl could possibly want. She's a princess - and she's got a boyfriend! But that's where it all goes wrong. Because Kenny is just NOT the guy she really wants. Michael's the one she's loved forever - but he's going out with someone infinitely cleverer than Mia. Someone who can clone FRUIT FLIES, for heaven's sake! Will the story end happily ever after for the Princess of Genovia? The third novel in the hilarious, bestselling The Princess Diaries series - with a fresh new cover and title to celebrate the series's fifteenth anniversary (previously titled Third Time Lucky). Ages 13+ |
| 600 10 - SUBJECT ADDED ENTRY--PERSONAL NAME |
| Personal name |
Thermopolis, Mia |
| Titles and other words associated with a name |
(Fictitious character) |
| Form subdivision |
Juvenile fiction. |
| 650 #0 - SUBJECT ADDED ENTRY--TOPICAL TERM |
| Topical term or geographic name entry element |
Princesses |
| Form subdivision |
Juvenile fiction. |
| 800 1# - SERIES ADDED ENTRY--PERSONAL NAME |
| Personal name |
Cabot, Meg. |
| Title of a work |
Princess diaries ; |
| Volume/sequential designation |
3. |
| 942 ## - ADDED ENTRY ELEMENTS (KOHA) |
| Source of classification or shelving scheme |
|
| Koha item type |
Books - Fiction |